| 000 | 00000nas 2200000za 4500 |
| 001 | 9.842289 |
| 003 | CaOODSP |
| 005 | 20250403105952 |
| 007 | cr ||||||||||| |
| 008 | 170823d19721975oncar p oss f0###b0fre|d |
| 022 | |y0317-770X |
| 040 | |aCaOODSP|bfre |
| 041 | |aeng|afre |
| 043 | |an-cn--- |
| 086 | 1 |aCS11-204-PDF |
| 245 | 10|aStatistics Canada catalogue |h[ressource électronique] = |bCatalogue de Statistique Canada. |
| 246 | 13|aCatalogue de Statistique Canada|f1972-1973/74 |
| 246 | 14|aCatalogue|f1972-1975 |
| 246 | 14|aCatalogue du Bureau fédéral de la statistique |
| 246 | 13|aPublications of the Dominion Bureau of Statistics |
| 260 | |a[Ottawa] : |bStatistics Canada = Statistique Canada, |c[1972-1975] |
| 310 | |aAnnuel |
| 362 | 0 |a1972-1975. |
| 500 | |aÉdition numérisée de l’imprimé [par Statistique Canada]. |
| 546 | |aTexte en anglais et en français, 1972-1973/74; texte en anglais seulement, 1975. |
| 692 | 07|2gccst|aStatistique |
| 692 | 07|2gccst|aÉdition |
| 710 | 2 |aStatistique Canada. |
| 780 | 00|tDBS catalogue |w(CaOODSP)9.842218 |
| 785 | 00|tCatalogue |w(CaOODSP)9.842298 |
| 791 | |tStatistics Canada catalogue |eeng|w(CaOODSP)9.842286 |